Statistiques concernant Naruto:Les membres de l'AKATSUKI

Cliquez ici pour prendre le quiz!

Statistiques générales

  • Ce quiz a été pris 6 102 fois
    (6 095 depuis la dernière actualisation)
  • Le résultat moyen est 8 sur 21

Statistiques - réponses

HintRéponse% Correct
"divinitée"pain
92%
utilisatrice de papierkonan
80%
homme masquétobi
74%
marrionettistesasori
63%
village d'iwadeidara
59%
Sannin légendaireOrochimaru
58%
jashinistehidan
53%
village de takikakuzu
47%
Clan uchihaitachi uchiha
40%
fondateuryahiko
39%
Clan otsutsukizetsu noir
26%
possesseur du rinnegannagato uzumaki
25%
clan uchihasasuke uchiha
25%
"clone d'hashirama senju"/"soldat" de kaguya otsutsukizetsu blanc
25%
Clan hoshigakikisame hoshigaki
24%
origine de la marque mauditejugo
17%
clan uzumakikarin uzumaki
17%
clan hozukisuigetsu hozuki
10%
espionkabuto yakushi
3%
épéiste de la brumejuzo biwa
2%
Auto-proclamé membreshin uchiha
2%

Distribution des résultats

Percentile par nombre de réponses

% des personnes avec chaque résultat

Votre développement - résultats

Vous n’avez pas pris ce quiz depuis la dernière actualisation